[Event "Koop Tjuchem"]
[Site "Groningen"]
[Date "1996.??.??"]
[Round "5"]
[White "Onischuk, Alexander"]
[Black "Timman, Jan H"]
[Result "1/2-1/2"]
[WhiteElo "2605"]
[BlackElo "2590"]
[Annotator "Blatny,P"]
[PlyCount "135"]
[EventDate "1996.12.20"]
[EventType "tourn"]
[EventRounds "11"]
[EventCountry "NED"]
[EventCategory "16"]
[SourceTitle "CBM 057"]
[Source "ChessBase"]
[SourceDate "1997.04.01"]
[SourceVersion "1"]
[SourceVersionDate "1997.04.01"]
[SourceQuality "1"]

1. e4 {Endspiel-CD} e5 2. Nf3 Nc6 3. Bb5 a6 4. Ba4 Nf6 5. O-O Be7 6. Re1 b5 7.
Bb3 O-O 8. a4 Bb7 9. d3 d6 10. c3 Nd7 11. Nbd2 Nc5 12. axb5 (12. Bc2 Ne6 13.
Nf1 Ng5 14. Ne3 Nxf3+ 15. Qxf3 Bg5 $11 {Spraggett,K-Arduman,C/Erevan olm 1996/
1-0 (68)}) 12... axb5 13. Rxa8 Qxa8 (13... Bxa8 $5 14. Bc2 Ne6 (14... d5 15. b4
Ne6 16. exd5 Qxd5 17. Nf1 Rd8 18. h3 Qd7 19. N1h2 Nf8 20. Ng4 f6 21. Bb3+ Kh8
22. Rxe5 $5 Qxd3 23. Qxd3 Rxd3 24. Re3 Rd8 $14 {Emms,J-Kosashvili,Y/EuCup
Tyniste 1995/ 1/2-1/2 (41)}) 15. b4 Ng5 16. Bb3 Bf6 17. Nf1 Nxf3+ 18. Qxf3 g6
19. Ne3 Bg5 20. g3 h5 21. h4 Bh6 22. Nd5 Bxc1 23. Rxc1 Kg7 {/\f5=/+ Zagrebelny,
S-Blatny,P/Moscow olm UZB-CZE 1994/ 1/2-1/2 (33)}) 14. Bc2 Bf6 (14... Ne6 $5)
15. b4 $146 (15. Nf1 Ne7 16. Ne3 Ng6 17. h3 Ne6 18. Bb3 Nef4 19. Ng4 d5 $5 20.
Nxf6+ gxf6 21. Bxf4 Nxf4 22. exd5 Bxd5 23. Bxd5 Qxd5 24. Re3 Kh8 25. Kh2 Rd8
$36 {Mueller,M-Goldberg,A/BL 1995/ 0-1 (51)}) 15... Ne6 16. Nf1 g6 (16... Qd8
$5 {/\Ng5}) 17. Ne3 Bg7 18. Bb3 Qd8 19. h4 $1 Ne7 20. Ng4 Bc8 (20... h5 $2 21.
Nh6+ Bxh6 (21... Kh7 22. Nxf7 Rxf7 23. Bxe6 $18) 22. Bxh6 $16) 21. Ng5 $1 Nf4 (
21... Nxg5 22. hxg5 $1 (22. Bxg5 $6 Kh8 $1 {/\f5<=>}) 22... Be6 23. g3 {
[%csl Rg8,Rh7][%cal Gg1g2,Ge1h1,Gh1h7,Gg4f6,Gg4h6] /\g3,Kg2,Rh1-> <->h}) 22.
Bxf4 exf4 23. Qf3 $1 Bxg4 (23... Bxc3 $2 24. Nh6+ Kg7 25. Nhxf7 $18) 24. Qxg4
Bxc3 25. Qxf4 $1 d5 $8 (25... Bxe1 $4 26. Bxf7+ Kg7 27. Ne6+ Kh8 28. Qf6#) (
25... Qe8 26. Rc1 Bxb4 27. Rxc7 $40) 26. Rc1 Bxb4 27. h5 $1 Bd6 $2 (27... h6
$142 $1 28. Nf3 Kh7) 28. Qh4 $1 Kg7 (28... h6 $2 29. hxg6 $18) 29. hxg6 Nxg6
30. Qxh7+ Kf6 31. Qh6 Rh8 (31... Bf4 32. Rc6+ Ke7 33. Rxg6 $1 fxg6 34. Qg7+ Kd6
35. Nf7+ Rxf7 36. Qxf7 $18) 32. Nh7+ Ke7 33. Qg5+ $2 (33. Bxd5 $1 Bf4 $140 (
33... Ne5 34. d4 Nc4 (34... Ng4 35. Qg5+ $18) 35. Qf6+ Kd7 36. Qf5+ Ke7 37.
Qxf7#) 34. Qg7 Bxc1 (34... Rxh7 35. Qxh7 Bxc1 36. Qxf7+ Kd6 37. Qxg6+ $18) 35.
Qf6+ Kd7 36. Bc6+ $1 Kc8 37. Qa1 $18) 33... Ke8 34. Bxd5 (34. Nf6+ Kf8 35. Bxd5
Bh2+ 36. Kf1 Bf4 37. Nh7+ Kg7 $19) 34... Qxg5 (34... Rxh7 $4 35. Bc6+ $18) 35.
Nxg5 Nf4 $1 36. Nxf7 $2 (36. Re1 Nxd3) (36. Rc2 $142 Nxd5 37. exd5 Rh5 38. Ne4
Ke7 $15 {_|_}) 36... Ne2+ 37. Kf1 Ng3+ $1 38. fxg3 (38. Ke1 $4 Rh1+ 39. Kd2
Bf4+ $19) 38... Rh1+ 39. Ke2 Rxc1 40. Nxd6+ cxd6 41. Kd2 Rc7 $15 {_|_} 42. g4 (
42. d4 $5 Ke7 $5 {/\Kf6} (42... Rg7 $2 43. Bc6+ $11) (42... b4 43. g4 Rg7 $140
$2 (43... Rc3 $142 44. g5 $1 (44. e5 dxe5 45. dxe5 Rc7 $1 46. Bb3 Rc5 $17)
44... Rg3 $140 (44... Ke7 45. g6 Kf6 46. Bf7 {/\e5+ =}) 45. Kc2 $1 Rxg2+ 46.
Kb3 Rd2 $1 47. g6 $1 Kf8 48. Kxb4 Rxd4+ 49. Kb5 Rd1 50. Kc6 $11) 44. Kc2 $1
Rxg4 45. Kb3 $11)) 42... Kf8 43. Ba2 (43. d4 $5) 43... Kg7 44. d4 Kf6 45. Kd3
b4 46. Bc4 Rc8 $22 47. g5+ $1 (47. Bd5 Rc3+ 48. Kd2 Rg3) 47... Kxg5 48. e5 dxe5
49. dxe5 Kf5 50. e6 (50. Kd4 Rd8+ $1 (50... Rb8 51. Bb3 $11) 51. Kc5 Rb8 $1 52.
Kd6 (52. Bb3 Kxe5 53. Kc4 Kf4 54. Ba4 Kg3 $19) 52... b3 53. Bd3+ Kg5 $1 54. Bb1
b2 55. e6 Kf6 56. e7 Rb6+ 57. Kc5 Re6 58. Kb4 Rxe7 59. Kc3 Rb7 $19) 50... Ke5 (
50... Kf6 51. Kd4 Rd8+ 52. Kc5 Rb8 53. Bb3 $11) 51. g4 Kd6 (51... Rg8 $2 52. g5
$1 Kd6 53. e7 $1 Re8 54. g6 Rxe7 55. Bf7 $11) 52. g5 $1 (52. Kd4 Rg8 $19) 52...
Rc5 $1 (52... Rg8 $4 53. e7 Re8 54. g6 Rxe7 55. Bf7 $11) 53. g6 Rg5 54. Bb3 $1
(54. e7 Kxe7 (54... Rg3+ $2 55. Kc2 $1 Kxe7 56. g7 $1 Rxg7 57. Kb3 $11) 55. Bf7
Rg4 $19) 54... Rg4 $5 (54... Rxg6 $2 55. Kc4 Rg4+ 56. Kb5 {/\Bc4=}) 55. e7 $4 (
55. Ba2 $142 $1 Rxg6 (55... Kc6 $2 56. e7 Rg3+ (56... Kd7 $4 57. Be6+ $1 $18)
57. Kc4 $11) (55... Ke7 56. Bb3 Kf6 57. Ba2 $11) 56. Kc4 Rg4+ 57. Kb5 $11)
55... Kxe7 56. Bf7 Kd6 57. Kc2 Kc5 58. Kb2 Rg1 $6 (58... Rg3 $142 59. Kc2 Kd4
60. Kb2 Rg2+ $1 61. Kb3 Kc5 $22 62. Be8 (62. Ka4 Rg3 $19) 62... Rg3+ 63. Kb2 b3
$1 64. Ka3 $1 Kc4 65. Bf7+ Kc3 $1 66. Bxb3 Rxg6 67. Ka4 Rg4+ 68. Ka3 Rg7 $19)
59. Kc2 Rg2+ (59... Rg3 $1) 60. Kb3 Rg3+ 61. Kb2 Kb5 62. Be8+ Kc4 63. Bf7+ Kc5
64. Kc2 Kd4 65. Kb2 b3 $2 (65... Rg2+ $1 66. Kb3 Kc5 $22 67. Be6 $5 (67. Be8
Rg3+ 68. Kb2 b3 $1 69. Ka3 Kc4 70. Bf7+ Kc3 71. Bxb3 Rxg6 $19) (67. Ka4 Rg3 $19
) 67... Rxg6 68. Bf7 Rf6 69. Bg8 Rf3+ 70. Kb2 Re3 $1 71. Bf7 Kb5 $1 72. Bd5 $8
Re5 $1 73. Bf7 (73. Bb3 Re2+ 74. Kb1 (74. Bc2 Kc4 $19) 74... Kc5 {/\Kd4-c3-+})
(73. Bb7 Re2+ 74. Kb3 Re3+ 75. Kb2 b3 76. Ka3 Kc4 $19) 73... Re2+ $1 74. Kb3
Re3+ $1 75. Kb2 Ka4 $19) 66. Bxb3 $11 {Endspiel-CD} Rxg6 67. Ba2 Rb6+ 68. Kc2 (
68. Ka3 $4 {Endspiel-CD} Kc3 $19) 1/2-1/2

[Event "Pula zt 1.2"]
[Site "Pula"]
[Date "2000.04.13"]
[Round "3"]
[White "Palac, Mladen"]
[Black "Jakubovic, Nedzad"]
[Result "1-0"]
[WhiteElo "2570"]
[BlackElo "2368"]
[Annotator "Blatny,P"]
[PlyCount "81"]
[EventDate "2000.04.11"]
[EventType "swiss"]
[EventRounds "11"]
[EventCountry "CRO"]
[SourceTitle "CBM 077"]
[Source "ChessBase"]
[SourceDate "2000.07.27"]
[SourceVersion "1"]
[SourceVersionDate "2000.07.27"]
[SourceQuality "1"]

1. e4 e5 2. Nf3 Nc6 3. Bb5 a6 4. Ba4 Nf6 5. O-O Be7 6. Re1 b5 7. Bb3 O-O 8. a4
Bb7 9. d3 d6 10. Bd2 b4 11. c3 bxc3 12. bxc3 (12. Nxc3 Na5 13. d4 Nxb3 14. Qxb3
Rb8 15. Qc2 d5 16. exd5 exd4 17. Nxd4 Nxd5 18. Nf5 Bf6 19. Ne4 Bc8 20. Nxf6+
Qxf6 21. Ne3 Be6 22. Nxd5 Bxd5 23. Bc3 {1/2-1/2 Matulovic,M-Reshevsky,S/
Maribor 1967/EXT 99}) 12... Na5 (12... Nd7 13. a5 Nc5 14. Bc4 Nb8 15. Qc2 Nbd7
16. Be3 c6 17. Ba2 d5 18. Nbd2 Rb8 19. h3 Ba8 20. exd5 cxd5 21. d4 $14 {
Kupreichik,V-Rogic,D/Elista ol (Men) 1998/CBM 66 ext/1-0 (36)}) 13. Ba2 c5 14.
Na3 Rb8 (14... Qc7 15. Nc4 Nd7 16. Ne3 Nf6 17. Nf5 Bd8 18. Qc1 Ne8 19. Bg5 Bc8
20. Qe3 Be6 21. Reb1 Bxa2 22. Rxa2 $14 {Morgado,J-Viaud,A/Finjub-30 GM1 1995/1/
2-1/2 (67)}) (14... Bc6 15. Nc4 Rb8 16. Qc2 Nxc4 17. Bxc4 a5 18. Reb1 Nd7 19.
Bb5 $14 {Liberzon,V-Littlewood,P/Hastings 1980/Rebel - Century/1-0 (45)}) 15.
Qc2 Qc7 16. Nc4 h6 17. Nxa5 Qxa5 18. Bc4 {[%csl Ga4,Gc4,Gd5,Ge4,Gf5]} Nd7 19.
Reb1 Bc6 (19... Qc7 20. a5 {[%csl Gb6][%cal Gb1b6]}) 20. d4 $5 (20. Bb5 Qb6 (
20... axb5 21. axb5 Qc7 22. bxc6 Rxb1+ 23. Rxb1 Qxc6 $14) 21. a5 Qb7 22. Bxc6
Qxc6 $11) 20... Nf6 21. d5 (21. dxe5 Rxb1+ 22. Rxb1 Bxe4 $17) 21... Bd7 22. Be1
Rxb1 23. Qxb1 Ra8 (23... Bxa4 $2 24. Nd2 $18) 24. Bd3 Qc7 (24... Bxa4 $2 25. c4
Qc7 26. Rxa4 $18) 25. Nd2 Rb8 26. Qc2 a5 {[%csl Gb5,Gc4,Gc6,Gd5,Ge4][%cal
Gd2c4,Gc4a3,Ga3b5]} 27. Nc4 $14 Bd8 28. Na3 Be8 29. Bb5 Bxb5 (29... Bd7 30.
Bxd7 Qxd7 31. Nb5 $11) 30. axb5 c4 31. Qe2 Rc8 32. f3 Nd7 {[%csl Rb3,Rb6,Rc5,
Rd3][%cal Rd7c5,Rd7b6]} 33. Bf2 Nb6 34. Kf1 Na4 $2 (34... Qd7 $142) 35. Nb1 $1
$16 Nb6 (35... Nc5 36. Qxc4 Qd7 37. Nd2 $16) 36. Rxa5 Nxd5 (36... Qd7 $5) 37.
Ra7 $18 Qb8 38. exd5 Qxb5 (38... Bb6 39. Bxb6 Qxb6 40. Ra4 Qxb5 41. Qd1 $18)
39. Qd1 f5 (39... Rb8 40. Na3 Qb3 41. Qe1 $18) 40. Na3 Qb8 (40... Qb3 41. Qxb3
cxb3 42. Nb1 $18) 41. Qb1 (41. Qb1 Qxb1+ 42. Nxb1 $18) 1-0

[Event "Tan Chin Nam Cup 7th"]
[Site "Shanghai"]
[Date "2001.??.??"]
[Round "1"]
[White "Bologan, Viktor"]
[Black "Tkachiev, Vladislav"]
[Result "1-0"]
[WhiteElo "2684"]
[BlackElo "2672"]
[Annotator "Bologan,V"]
[PlyCount "77"]
[EventDate "2001.07.09"]
[EventType "tourn"]
[EventRounds "9"]
[EventCountry "CHN"]
[EventCategory "16"]
[SourceTitle "CBM 085"]
[Source "ChessBase"]
[SourceDate "2001.11.13"]
[SourceVersion "1"]
[SourceVersionDate "2001.11.13"]
[SourceQuality "1"]

1. e4 e5 2. Nf3 Nc6 3. Bb5 a6 4. Ba4 Nf6 5. O-O Be7 6. Re1 b5 7. Bb3 O-O 8. h3
{in our previous game earlier this year in Enghien I let Vlad play Marshall
and it was a side line.} (8. c3 d5 9. exd5 Nxd5 10. Nxe5 Nxe5 11. Rxe5 c6 12.
d3 Bd6 13. Re1 Bf5 {so I didn't want to sink into a deep thinking from the
very first round surprised by another revelation from Mr Tkachiev.}) 8... Bb7
9. d3 h6 10. Nc3 Bc5 11. Bd2 {!  The idea is to get an perspective control on
the a5 and b4 squares. Also is developping a piece.} (11. a4 {was played by
Shirov in Linares this year against Peter Leko.} b4 12. Ne2 Na5 13. Ba2 d5 14.
Nxe5 dxe4 15. d4 Ba7 16. Be3 Bd5 17. c4 bxc3 18. b4 Nc6 19. Nxc6 Bxc6 20. Nxc3
Nd5 21. Bxd5 Bxd5 $13 {and he didn't get any substancial advantage even so he
managed to create later an attack which was easy repulsed by the hungarian
grandmaster.}) 11... Re8 12. a4 b4 13. Nd5 Rb8 {the most logical, the two
other options were unsatisfactory for black:} (13... Nxd5 14. Bxd5 Qf6 15. c3
$14 {or}) (13... Na5 14. Ba2 {and the knight on a5 is problem for black}) 14.
a5 {!? This is quite responsible. Some times when black manages to exchange
some pieces it might become a weakness. Still at this moment white gets an
extra square on a4 and also hinders black to conect his pawn structure with a5}
d6 {During the game I was also considering the capture on d5} (14... Nxd5 15.
exd5 Nd4 16. Nxd4 Bxd4 17. c3 bxc3 18. bxc3 Bc5 19. Qf3 $14 {and white is
slightly better}) (14... Nd4 15. Nxd4 Bxd4 16. Nxb4 Bxb2 17. Rb1 Ba3 18. Bc4
$14 {with the same small advantage for white}) 15. c3 bxc3 16. bxc3 Ba7 17. Ne3
$14 {!? It's important for white to keep as more pieces is possible on the
board. His pawn structure assures him more space which permits him a better
possibilities for maneuvering.} Ne7 18. Nh4 d5 {The central breakthrough is
obligatory.} 19. exd5 {didn't work the tempting} (19. Ng4 {? because of subtle}
Nxg4 20. Qxg4 Bc8 {!}) (19. Nf3 {black would hold the centre} Ng6 20. exd5 Nxd5
21. Ng4 Qd6 $13) 19... Nexd5 20. Nc4 {? to be honest only home I realized that
this was a serious mistake. From now on black overtakes the initiative and his
bishop's pair finally starts working. My another and sound idea was to play} (
20. Nef5 $14 {which would hold white better chances}) 20... e4 {!} 21. d4 c5 {
?! here we both missed a hidden tactics} (21... Nxc3 {!} 22. Bxc3 Nd5 23. Qh5
$7 {doesn't help} (23. Nf5 Nxc3 24. Qg4 Bxd4 {!} 25. Nxh6+ Kf8) 23... Nxc3 24.
Ne5 (24. Ne3 Bd5 {!} 25. Bxd5 Nxd5 26. Nxd5 Rb5 $19) 24... Bd5 25. Nxf7 Qd7 {
and now white has various continuations but all them lead to an unpleasant
consequences.} 26. Nxh6+ {!? if} (26. Bxd5 Nxd5 27. Nxh6+ {then} (27. Ne5 Qe6
28. Rad1 Nc3 29. Rd2 c5 $17 {!}) 27... gxh6 28. Nf5 Re6 $17) 26... gxh6 27. Re3
Ne2+ (27... Bxd4 28. Bxd5+ Nxd5 29. Rg3+ Bg7 30. Nf5 Re5 31. Rxg7+ Qxg7 32.
Nxg7 Rxh5 33. Nxh5) 28. Rxe2 Bxb3 29. Nf5 Qh7 $17 {! who knows may be
Vladislav saw all this complications and he just wasn't sure?! I should ask
him.}) 22. Nf5 cxd4 23. cxd4 Bc8 24. Ncd6 Bxf5 25. Nxf5 Qd7 {? Already here
Tkachiev was short of time and he did the first most natural move which came
into his mind. Especialy when it provokes the weakening of the white kingside.
But with the two bishop on the board it won't harm me very much this weakness
and my knight on f5 becomes a serious threat. So much better was simply to
swap it} (25... Ne7 {! Tkachiev} 26. Nxe7+ Rxe7 27. Be3 Rb4 $15 {and it would
be my turn to suffer}) 26. g4 $14 Rec8 {?} (26... Qe6 {would still hold the
position} 27. Bc4 Rec8 28. Rc1 $14) 27. Bxd5 Nxd5 28. Rxe4 Rb2 29. Re5 $16 {
the key move for the next play for white. First of all it puts pressure on the
very important central black piece also it creates some direct tactical
threats.} Kh8 30. Qf3 Rd8 31. Bxh6 $40 {! Everything is ready for the final
attack.} gxh6 32. Nxh6 f6 (32... Rb7 33. Rh5 Kg7 34. Nf5+ Kg8 35. Qg3 $18) 33.
Rh5 Kg7 34. Re1 {White can have his time and bring his last piece to the
attack while the d4 pawn is poisoned} (34. Nf5+ Kg8 35. Qxd5+ Qxd5 36. Ne7+ Kg7
37. Nxd5 Bxd4 $16) 34... Rb5 35. Qe4 {?! lets away the win to escape. There
was no defence after} (35. Nf5+ Kg8 36. g5 $18) 35... Nc3 36. Qe7+ Kg6 37. Nf7
Qxe7 38. Rxe7 Rxd4 {??  To be honest last 6-7 moves Vlad made having only few
seconds on his Fischer clocks. So it's not surprising that he missed the mate
in one. After the best} (38... Ra8 {I should still had to show up some
technics to win the game.} 39. Nh8+ (39. Rh8 {!? This tactical idea was
sugested home by the ingenious machine when I started to look for a win. But
it looks that it doesn't yield white anything special.} Bb8 {!} (39... Rbb8 40.
Rh6+ Kg7 41. g5 fxg5 42. Rxa6 Bc5 43. Nd6+ Kf6 44. Rxa8 Rxa8 45. Rf7+ Ke6 46.
dxc5 Rxa5 47. Rc7 $18) 40. h4 Kg7 41. Rd8 Ra7 42. Rxa7 Bxa7 43. Rd7 Bxd4 (43...
Rb1+ 44. Kg2 Bb8 45. Nd8+ Kf8 46. h5 Ke8 47. h6 Kxd7 48. h7 Bc7 49. h8=Q Bxd8
50. Qh7+ Be7 51. g5 $18) 44. Nd6+ Kg6 45. Nxb5 Nxb5 46. Re7 Bc3 47. f4 Bxa5 48.
f5+ Kh6 49. Re6 Kg7 50. Rxa6 Be1 $14 {with good chances to draw}) 39... Rxh8
40. Rxh8 Bxd4 41. Rg8+ Kh6 $16) 39. Nh8# 1-0

[Event "Moscow Aeroflot op-A"]
[Site "Moscow"]
[Date "2003.02.13"]
[Round "3"]
[White "Bologan, Viktor"]
[Black "Smirnov, Pavel"]
[Result "1-0"]
[WhiteElo "2630"]
[BlackElo "2572"]
[Annotator "Bologan,V"]
[PlyCount "73"]
[EventDate "2003.02.10"]
[EventType "swiss"]
[EventRounds "9"]
[EventCountry "RUS"]
[SourceTitle "CBM 094"]
[Source "ChessBase"]
[SourceDate "2003.05.26"]
[SourceVersion "1"]
[SourceVersionDate "2003.05.26"]
[SourceQuality "1"]

1. e4 e5 2. Nf3 Nc6 3. Bb5 a6 4. Ba4 Nf6 5. O-O Be7 6. Re1 b5 7. Bb3 O-O {
With this move order Black is threatening with the Marshall Attack and
provokes White to go for an Anti-Marshall.} 8. h3 {Giving Black the last
opportunity to play a normal Ruy Lopez after 8...d6 9.c3. The other system to
avoid the Marshall is 8.a4.} Bb7 9. d3 d6 10. a3 Nb8 {On of the most popular
replies to the Anti-Marshall with h3. In the fifth round Lastin used against
me another variation:} (10... Na5 11. Ba2 c5 12. Nc3 Nc6 13. Nd5 Nxd5 14. Bxd5
Qc7 {!N} 15. c4 bxc4 16. Bxc4 Kh8 17. Ng5 Bxg5 18. Bxg5 a5 19. Bd2 {1/2-1/2,
Bologan Victor Viorel - Lastin Aleksandr, Moscow 2003 Aeroflot Open}) 11. Nbd2
Nbd7 12. Nf1 Nc5 13. Ba2 Ne6 14. Ng3 Re8 15. Ng5 Bc8 {To be honest, I didn't
know the last game played on this line, I just considered logically that
before playing f4 it's not such a bad idea to send the bishop to f8.} 16. Nf5 {
The previous attempts were unsuccesful for White:} (16. f4 exf4 17. Bxf4 d5 18.
Qf3 Bc5+ 19. Kh1 Nd4 20. Qd1 h6 21. Nf3 dxe4 22. Nxe4 Nxe4 23. Rxe4 Rxe4 24.
dxe4 Be6 $11 {Acs Peter(2560) - De Vreugt Dennis(2477), Wijk aan Zee 2003 It 
(cat.11)}) (16. c3 c5 17. a4 Rb8 18. Nxe6 Bxe6 19. Nf5 d5 20. axb5 axb5 $11 {
Almasi Zoltan(2672) - Khalifman Alexander(2690), Bled 2002 Olympiad}) 16... Bf8
17. f4 {Looks very promissing but may be better was the simple} (17. c3 $5 g6
18. Nh6+ Bxh6 19. Nxe6 Bxe6 20. Bxh6 Bxa2 21. Rxa2 $14 {with a small but
stable advantage.}) 17... g6 $6 {Of course it's annoying to be under pressure
of the two knights and the bishop from e2. But weakening the h6-square is also
not good. The best for Black was to take on f4:} (17... exf4 18. Bxf4 d5 19.
Qf3 (19. Nxe6 Bxe6) 19... Nxg5 20. Bxg5 dxe4 21. dxe4 Bxf5 22. Qxf5 Qd4+ 23.
Kh1 Bd6 24. Bxf6 Qxf6 25. Qxf6 gxf6 26. Bd5 Rad8 $11 {with a probable draw due
to the opposite coulored bishops.}) (17... h6 18. Nxe6 Bxe6 19. Bxe6 fxe6 20.
Ng3 exf4 21. Bxf4 $14) 18. Qf3 $1 {One more piece into the attack and it looks
like the critical mass will break through soon.} Rb8 $1 {This strange move
seems to hold the position. Of course the piece was untouchable.} (18... gxf5
19. exf5 Nxg5 20. fxg5 Rb8 21. gxf6 Qxf6 22. Rf1 $40) (18... exf4 19. Bxf4 gxf5
20. exf5 Nxg5 21. Bxg5 Rxe1+ 22. Rxe1 d5 23. Qg3 Bd6 (23... Kh8 24. Re8 $18)
24. Qh4 Be7 25. Kh1 (25. Rxe7 Qxe7 26. Bxf6 Qe3+ 27. Kh1 Bxf5) 25... Bxf5 26.
Rf1 Bg6 27. Bxf6 Bxf6 28. Qxf6 $16) 19. fxe5 {Here I had to decide to which
structure I should stick. I spend a lot of time but I didn't find anything
substancial. So I went for a simple bishop against knight position.} (19. Ng3
exf4 20. Bxf4 h6 21. Nxe6 Bxe6 22. Bxe6 Rxe6 23. Rf1 Bg7 24. Ne2 $14 {was also
possible.}) 19... dxe5 20. Nh6+ (20. Ng3 h6 21. Nxe6 Bxe6 22. Be3 $14) 20...
Bxh6 21. Nxe6 Bxe6 22. Bxh6 Bxa2 23. Rxa2 Nd7 24. Rf1 Qe7 25. b4 $6 {This
weakeness will help Black with his counterplay. Better was first to triple on
the f-file.} (25. Raa1 Rb6 26. Bg5 f6 27. Bh6 c5 28. Rf2 Rd6 29. Raf1 $14)
25... Rb6 26. Bg5 Qe6 27. Raa1 c5 $11 {Now Black equalized.} 28. c3 (28. Rf2 f6
29. Be3 Rc6 30. bxc5 Qe7 (30... Nxc5 31. Bxc5 Rxc5 32. Qxf6 Qxf6 33. Rxf6 Rxc2
34. Rxa6 Rd8 35. Rd1 $14) 31. a4 b4 32. d4 exd4 33. Bxd4 a5 34. Qb3+ Qe6 $11)
28... Rc6 29. Bd2 {At this stage I was very unhappy with my position and also
my time was running so I offered a draw. To which I've got a determinate
refuse.} (29. Be3 $11) 29... Rd6 (29... f6 30. Qe2 c4 31. a4 cxd3 32. Qxd3 Rd6
33. Qe2 bxa4 34. Rxa4 Rc8 35. Rfa1 $11) 30. Bh6 (30. Qe2 Rc8 31. Rf3 c4 32.
dxc4 Qxc4 33. Qf2 f6 $15) 30... Rc8 {Now I understand that White wasn't worse
in any moment of the game. But during the game I didn't like moves like} (30...
c4 {but after} 31. dxc4 Qxc4 32. Rad1 Rf6 33. Qg4 Rxf1+ 34. Rxf1 Qc6 $11 {
the position must be equal.}) 31. a4 $1 {At least I found some counterplay.
Now Black has to be careful because of his 8th rank.} bxa4 32. Rxa4 cxb4 33.
cxb4 Rc3 34. Qf2 {Threatening to activate the queen from a7.} Rb6 $6 {Better
was to take on d3:} (34... Rcxd3 35. b5 f6 36. Qc2 Kf7 37. Rxa6 Rxa6 38. Qxd3
$14 {and already Black has to equalize.}) (34... Rdxd3 $4 35. Rxa6 Qe8 36. Ra8
$18) (34... f6 {There were some more tricks in the position} 35. Qa7 Rb6 36. b5
axb5 37. Rxf6 $3 Qxf6 38. Qxd7 $18) 35. b5 $5 {At the moment I still was
fighting for the draw and b5 was good enough for that. But I had an even
stronger move:} (35. d4 $36) 35... Nc5 $4 {Pavel had about 7 minutes left at
this point so he could be more careful.} (35... axb5 36. Ra8+ Rb8 37. Rxb8+
Nxb8 38. d4 Nd7 39. d5 Qe8 40. Qb2 $44) 36. Ra3 $3 {Who said the tricks are
unuseful nowadays?} Nxd3 (36... Rxa3 37. Qxc5 $18) 37. Qh4 $1 {And everything
is hanging. This queen jump completely escaped from my opponents attention.
Even so he finished with a very good result +4.} 1-0